Entry Personal Name
Number of records used in: 3
001 - CONTROL NUMBER
003 - CONTROL NUMBER IDENTIFIER
005 - DATE AND TIME OF LATEST TRANSACTION
- control field:
20160614104326.0
008 - FIXED-LENGTH DATA ELEMENTS
- fixed length control field:
160614|| aca||aabn | a|a d
040 ## - CATALOGING SOURCE
- Original cataloging agency:
OSt
- Transcribing agency:
OSt
100 ## - HEADING--PERSONAL NAME
- Personal name:
Basye, Anne
670 ## - SOURCE DATA FOUND
- Source citation:
Work cat.: (OSt): Basye, Anne, Business letters ready to go, 2004